000 01115nam a2200241Ia 4500
003 Ost
005 20260507075025.0
008 260507s9999||||xx |||||||||||||| ||und||
040 _cfsecg
041 _aara
082 _a330
100 _aالصيرفي، محمد
_eمؤلف
245 0 _aادارة المخزون السلعي /
_c محمد الصيرفي
260 _aعمان:
_bدار المناهج,
_c2002
300 _a284 صفحة؛
_bإيضاحات ؛
_c24 سم
490 _aالإدارة المخزنية
520 _aمفهوم المخزون وأنواعه- تحليل المخزون- تكاليف المخزن (تكاليف، التخطيط، المراقبة ) - الدفعة الإقتصادية للمخزون- توصيف وتبويب وترميز المخزون- تخطيط المخزون- مراقبة المخزون- المعالجة المحاسبية لجرد المخزون- مشكلات المخزون
653 _aالادارة
653 _aالسلع
653 _aالمخازن
700 _aالعلاق، بشير عباس
_eمؤلف ثانوي
942 _cكتاب
999 _c42319
_d42319